00610nam 22001693 4500001000700000100004100007200003900048210003700087215003300124225003300157300011600190606002600306675002500332700003600357801001800393830002900411202087 a20231024d u||y0pory50 ba aAlegria brevefVergílio Ferreira aLisboacPortugália dimp. 1965 a277, [3] p.cbrochadod20 cm aObras de Vergílio Ferreira aContém dedicatória na folha de guarda e anotações do Prof. Dr. Almeida Faria ao longo do livro Romance  aLiteratura Portuguesa a821.134.3-3vPTzpor aFerreirabVergíliof1916-1996 aPTbBMMNgRPC cAna FalardofAna Falardo